Nociones de derecho administrativo y legislación fiscal /

Guardado en:
Autor Principal: Cholvis, Francisco
Formato: Libro
Publicado: Buenos Aires : Codex, 1968
Edición:5a. ed.
Materias:
Etiquetas: Agregar Etiqueta
Sin Etiquetas, Sea el primero en etiquetar este registro!
LEADER 00990nam a22002295a 4500
001 CEM.cems001646
005 20060214000000.0
008 130507s1968##################000#0#####d
003 CEMS
082 0 4 |a 657 
100 1 |a Cholvis, Francisco 
245 1 0 |a Nociones de derecho administrativo y legislación fiscal /  |c Francisco Cholvis 
250 |a 5a. ed. 
260 |a Buenos Aires :  |b Codex,  |c 1968 
300 |a 160 p. 
505 0 |a Comercio, Actos de comercio y Comerciantes.-Compraventa mercantil. -Terminolog¡a mercantil.-Documentos comerciales.-Libros de comercio. -Intr. a la teor¡a contable.-Modificaciones patrimoniales.-La partida doble.-An lisis de cuentas.-Jornalizaci¢n de operaciones.-Balance general.-Ejercicio.-Respuestas a los cuestionarios 
653 |a Aduanas 
653 |a Derecho administrativo 
653 |a Derecho penal 
653 |a Impuesto a las ganancias 
653 |a Impuesto a las ventas 
859 |a CEMS  |b BIB. CEMS - 11 de abril  |h 657  |i Ch453-1a5/VIII  |p 5093.76  |t Ej.1